| 000 | 01029cam a2200325 i 4500 | ||
|---|---|---|---|
| 999 |
_c2683 _d2683 |
||
| 001 | 019869816 | ||
| 003 | UkOxU | ||
| 005 | 20230810083157.0 | ||
| 008 | 141121s2014 enkab j 001 0 eng c | ||
| 015 |
_aGBB464750 _2bnb |
||
| 020 | _a9780198393030 (pbk.) | ||
| 035 | _a(StEdNL)5244680 | ||
| 035 | _a(Uk)016760532 | ||
| 040 |
_aStDuBDS _beng _erda _cStDuBDS _dStEdNL _dKH8 |
||
| 042 | _aukscp | ||
| 082 | 0 | 4 | _a910 GAL |
| 100 | 1 |
_aGallagher, Rosemarie, _d1948- _eauthor. |
|
| 245 | 1 | 0 |
_aGeog.2 : _bStudent book / _cRosemarie Gallagher, Richard Parish. |
| 250 | _a4th edition. | ||
| 264 | 1 |
_aOxford : _bOxford University Press, _c2014. |
|
| 300 |
_a144 pages : _billustrations (colour), maps (colour) ; _c28 cm. |
||
| 336 |
_atext _2rdacontent |
||
| 337 |
_aunmediated _2rdamedia |
||
| 338 |
_avolume _2rdacarrier |
||
| 500 | _aIncludes index. | ||
| 650 | 0 |
_aGeography _vJuvenile literature. |
|
| 650 | 0 |
_aGeography _vProblems, exercises, etc. _vJuvenile literature. |
|
| 700 | 1 |
_aParish, Richard, _d1953- |
|
| 942 |
_2ddc _cTR |
||